Three million green homes by 2020 (Record no. 107798)

MARC details
000 -LEADER
fixed length control field 01061cam a22002655a 4500
001 - CONTROL NUMBER
control field L141927
008 - FIXED-LENGTH DATA ELEMENTS--GENERAL INFORMATION
fixed length control field 080115s2007 xxko f 000 0 eng d
035 ## - SYSTEM CONTROL NUMBER
System control number (Sirsi) u141927
041 0# - LANGUAGE CODE
Language code of text/sound track or separate title eng
050 04 - LIBRARY OF CONGRESS CALL NUMBER
Classification number 333.72 $2 18
100 1# - MAIN ENTRY--PERSONAL NAME
Personal name Smith, Alex
245 00 - TITLE STATEMENT
Title Three million green homes by 2020
Remainder of title how are we going to do that, then?
260 ## - PUBLICATION, DISTRIBUTION, ETC.
Place of publication, distribution, etc. London
Name of publisher, distributor, etc. CMP
Date of publication, distribution, etc. 2007
300 ## - PHYSICAL DESCRIPTION
Extent 42p.
Dimensions 30cm.
490 #0 - SERIES STATEMENT
Series statement Building
Volume/sequential designation Supplement December 2007
520 ## - SUMMARY, ETC.
Summary, etc. Discusses whether government's target of achieving three million new homes by 2020 is achievable, particularly in light of gloomy economic prospects. Also looks at the issues of land and transport, proposals for new eco-towns, landscaping, the protoype homes in BRE's innovation pack, using Bedzed principles, and recent updates to regulations.
521 2# - TARGET AUDIENCE NOTE
Target audience note Advanced
651 #4 - SUBJECT ADDED ENTRY--GEOGRAPHIC NAME
Geographic name United Kingdom
Chronological subdivision
690 ## - LOCAL SUBJECT ADDED ENTRY--TOPICAL TERM (OCLC, RLIN)
Topical term or geographic name as entry element BUILT ENVIRONMENT-SUSTAINABLE CONSTRUCTION
700 1# - ADDED ENTRY--PERSONAL NAME
Personal name Richardson, Sarah
700 1# - ADDED ENTRY--PERSONAL NAME
Personal name Edwards, David
700 1# - ADDED ENTRY--PERSONAL NAME
Personal name Brinkley, Mark
700 1# - ADDED ENTRY--PERSONAL NAME
Personal name Lane, Thomas
942 ## - ADDED ENTRY ELEMENTS (KOHA)
Suppress in OPAC 0
Holdings
Withdrawn status Lost status Source of classification or shelving scheme Damaged status Not for loan Home library Current library Shelving location Date acquired Total Checkouts Full call number Barcode Date last seen Date last checked out Copy number Price effective from Koha item type
    Dewey Decimal Classification     London London Pamphlets 15/01/2008 3 P333.72 SMI 30072290 06/08/2019 05/05/2009 1 06/08/2019 Book